Discusión con los marxistas /
Tallennettuna:
| Päätekijä: | |
|---|---|
| Aineistotyyppi: | Kirja |
| Kieli: | espanja |
| Julkaistu: |
Buenos Aires, Argentina :
Proceso Ediciones,
1970, c1970
|
| Aiheet: | |
| Tagit: |
Ei tageja, Lisää ensimmäinen tagi!
|
MARC
| LEADER | 00000nam^a2200000^a^4500 | ||
|---|---|---|---|
| 001 | 000298493 | ||
| 005 | 20250521000000.0 | ||
| 009 | 20260310112410.015 | ||
| 037 | |a Acervo Xavier Clavigero | ||
| 041 | |a ESP | ||
| 082 | |a 146. 33 |b MAR OBR DIS | ||
| 100 | |a Marcuse, Herbert |e (autor) | ||
| 245 | 1 | 0 | |a Discusión con los marxistas / |c H. Marcuse ; tr. por Lina Mari, Bernabé Vargas. |
| 264 | 4 | |a Buenos Aires, Argentina : |b Proceso Ediciones, |c 1970, c1970 | |
| 300 | |a 272 p. | ||
| 336 | |a texto |b txt |2 rdacontenido | ||
| 337 | |a sin mediación |b n |2 rdamedio | ||
| 338 | |a volumen |b nc |2 rdasoporte | ||
| 649 | |a XX | ||
| 650 | |a Filósofos Alemanes | ||
| 650 | |a Libertad | ||
| 650 | |a Conciencia | ||
| 650 | |a Socialismo | ||
| 650 | |a Democracia | ||
| 650 | |a Modernidad y Posmodernidad | ||
| 650 | |a Escuela de Frankfurt - |x Historia y Crítica | ||
| 650 | |a Escuela de Frankfurt | ||
| 650 | |a Marxismo - |x Historia y Crítica - |x Tema Principal | ||
| 650 | |a Filosofía del Siglo XX - |x Historia y Crítica | ||
| 650 | |a Filosofía del Siglo XX | ||
| 650 | |a Filosofía Alemana - |x Historia y Crítica | ||
| 650 | |a Filosofía Alemana | ||
| 650 | |a Marcuse, Herbert - |x Tema Principal | ||
| 910 | |a Fondo General | ||
| 920 | |a Impresos - Libros | ||
| 930 | |a Colección General | ||
| 905 | |a 101 | ||
| 901 | |a 041878 |b IT1 |c ACC |u 20250521 | ||
| 902 | |a https://opac.biblio.iteso.mx/vufind/Record/000298493 | ||